Проблема переводческой интерпретации «открытого произведения»: на материале англоязычного перевода рассказа Ф.М. Достоевского «Бобок»; Язык. Общество. Образование

Dades bibliogràfiques
Parent link:Язык. Общество. Образование.— 2022.— [С. 375-379]
Autor principal: Коротченко Т. В. Татьяна Валериевна
Autor corporatiu: Национальный исследовательский Томский политехнический университет Школа базовой инженерной подготовки Отделение иностранных языков
Sumari:Заглавие с экрана
Статья посвящена сопоставительному анализу рассказа Ф. М. Достоевского «Бобок» и его англоязычного перевода, выполненного Б. Л. Бразолем. Цель исследования заключается в изучении влияния переводческой интерпретации на степень «открытости» художественного произведения посредством фиксации в переводе сдвигов на различных уровнях текста.
Idioma:rus
Publicat: 2022
Col·lecció:Взаимосвязи языка и культуры: общество, литература, перевод
Matèries:
Accés en línia:http://earchive.tpu.ru/handle/11683/74276
Format: MixedMaterials Electrònic Capítol de llibre
KOHA link:https://koha.lib.tpu.ru/cgi-bin/koha/opac-detail.pl?biblionumber=635301

MARC

LEADER 00000naa2a2200000 4500
001 635301
005 20240219141847.0
035 |a (RuTPU)RU\TPU\conf\37147 
035 |a RU\TPU\conf\37140 
090 |a 635301 
100 |a 20221221d2022 k y0rusy50 ca 
101 0 |a rus 
102 |a RU 
105 |a y z 101zy 
135 |a drgn ---uucaa 
181 0 |a i  
182 0 |a b 
200 1 |a Проблема переводческой интерпретации «открытого произведения»: на материале англоязычного перевода рассказа Ф.М. Достоевского «Бобок»  |f Т. В. Коротченко 
203 |a Текст  |c электронный 
225 1 |a Взаимосвязи языка и культуры: общество, литература, перевод 
300 |a Заглавие с экрана 
320 |a [Библиогр.: с. 379 (6 назв.)] 
330 |a Статья посвящена сопоставительному анализу рассказа Ф. М. Достоевского «Бобок» и его англоязычного перевода, выполненного Б. Л. Бразолем. Цель исследования заключается в изучении влияния переводческой интерпретации на степень «открытости» художественного произведения посредством фиксации в переводе сдвигов на различных уровнях текста. 
463 0 |0 (RuTPU)RU\TPU\conf\37057  |t Язык. Общество. Образование  |o сборник научных трудов III Международной научно-практической конференции "Лингвистические и культурологические аспекты современного инженерного образования", Томск, 10-12 ноября 2022 г.  |f Национальный исследовательский Томский политехнический университет (ТПУ); гл. ред. Ю. В. Кобенко  |v [С. 375-379]  |d 2022 
610 1 |a электронный ресурс 
610 1 |a труды учёных ТПУ 
610 1 |a переводческая интерпретация 
610 1 |a рецепция 
610 1 |a художественные произведения 
610 1 |a англоязычные переводы 
610 1 |a сопоставительный анализ 
700 1 |a Коротченко  |b Т. В.  |c лингвист  |c доцент Томского политехнического университета, кандидат филологических наук  |f 1982-  |g Татьяна Валериевна  |3 (RuTPU)RU\TPU\pers\28096  |9 13055 
712 0 2 |a Национальный исследовательский Томский политехнический университет  |b Школа базовой инженерной подготовки  |b Отделение иностранных языков  |3 (RuTPU)RU\TPU\col\23510 
801 2 |a RU  |b 63413507  |c 20221226  |g RCR 
856 4 |u http://earchive.tpu.ru/handle/11683/74276 
942 |c BK